| 000 | 00434nam a22001577a 4500 | ||
|---|---|---|---|
| 003 | OSt | ||
| 005 | 20230406134819.0 | ||
| 008 | 230406b |||||||| |||| 00| 0 eng d | ||
| 020 | _a978-0-19-442160-7 | ||
| 040 | _cCML | ||
| 082 | _a418.007LAN | ||
| 245 |
_aSOCIOCULTURAL THEORY AND SECOND LANGUAGE LEARNING _cBY LANTOLF, JAMES P. |
||
| 260 |
_aOXFORD _bOXFORD UNIVERSITY PRESS _c2000 |
||
| 300 | _a296p. | ||
| 942 |
_2ddc _cBK _k418.007 _mLAN |
||
| 999 |
_c4019 _d4019 |
||